000
00281nam a2200109Ia 4500
008
220204s9999 xx 000 0 und d
082
_a
8(082.2)
_b
MAG
245
0
_a
Magill's quotations in context
260
_a
London
_b
Harper and Row
_c
1965
700
_a
Magill, Frank N
942
_c
BK
999
_c
24769
_d
24769